000 00505nam a22001937a 4500
003 OSt
005 20140310181754.0
008 130628t xxu||||| |||| 00| 0 eng d
020 _a9711010151
050 _aPL 6058.4
_bAr.668 1998
082 _2FIL 899.2113
_b Ar2b 1998
100 _aArceo, Liwayway
245 _aMga Bathalang Putik/
_cLiwayway Arceo
260 _aQuezon City, Philippines:
_bNew Day Pub.
_cc1998.
300 _a138 p. :
_c23 cm.
562 _e1
942 _2lcc
_cBK
999 _c3355
_d3355